Cross Cultural Psychology (Record no. 220097)

MARC details
000 -LEADER
fixed length control field 00482nam a2200205Ia 4500
008 - FIXED-LENGTH DATA ELEMENTS--GENERAL INFORMATION
fixed length control field 240823s9999||||xx |||||||||||||| ||und||
020 ## - INTERNATIONAL STANDARD BOOK NUMBER
International Standard Book Number 978-81-317-2474-3
082 ## - DEWEY DECIMAL CLASSIFICATION NUMBER
-- 155.8 P9
100 ## - MAIN ENTRY--PERSONAL NAME
Personal name Eric Shiraev
245 #0 - TITLE STATEMENT
Title Cross Cultural Psychology
250 ## - EDITION STATEMENT
Edition statement 3rd
260 ## - PUBLICATION, DISTRIBUTION, ETC. (IMPRINT)
Date of publication, distribution, etc 2009
Name of publisher, distributor, etc Pearson Education Internat
500 ## - GENERAL NOTE
General note YES
650 ## - SUBJECT ADDED ENTRY--TOPICAL TERM
Topical term or geographic name as entry element General
700 ## - ADDED ENTRY--PERSONAL NAME
Personal name David Levy
942 ## - ADDED ENTRY ELEMENTS (KOHA)
Item type Books
Holdings
Withdrawn status Lost status Damaged status Permanent location Current location Shelving location Date acquired Full call number Barcode Date last seen Koha item type
      CENTRAL LIBRARY, NOORUL ISLAM CENTRE FOR HIGHER EDUCATION CENTRAL LIBRARY, NOORUL ISLAM CENTRE FOR HIGHER EDUCATION   11/18/2014 155.8 P9 69348 08/23/2024 Books
Visitors:
Copyright © 2024 Central Library NICHE.  All rights reserved.